Hogwarts Students Quiz Stats

 Plays Quiz not verified by Sporcle

Challenge
Share
Tweet
Embed
Score 0/51 Timer 10:00
0 Plays Today
% Correct
Ron Weasley
100%
Ginny Weasley
97.8%
Fred Weasley
97.8%
George Weasley
97.1%
Percy Weasley
95.6%
Harry Potter
92.6%
Hermione Granger
91.9%
Draco Malfoy
91.2%
Parvati Patil
86.8%
Vincent Crabbe
86%
Gregory Goyle
86%
Neville Longbottom
86%
Padma Patil
85.3%
Dean Thomas
83.8%
Oliver Wood
81.6%
Angelina Johnson
79.4%
Lavender Brown
79.4%
Cho Chang
79.4%
Pansy Parkinson
78.7%
Luna Lovegood
77.9%
Katie Bell
77.2%
Colin Creevey
76.5%
Sheamus Finnigan
75%
Hannah Abbott
74.3%
Dennis Creevey
70.6%
Alicia Spinnet
69.9%
% Correct
Cedric Diggory
67.6%
Susan Bones
65.4%
Ernie Macmillan
62.5%
Lee Jordan
57.4%
Michael Corner
55.1%
Cormac Mclaggen
53.7%
Zacharias Smith
52.2%
Blaise Zabini
50%
Millicent Bulstrode
48.5%
Terry Boot
45.6%
Romilda Vane
41.2%
Penelope Clearwater
41.2%
Anthony Goldstein
41.2%
Jimmy Peakes
38.2%
Marietta Edgecomb
34.6%
Justin Finch Fletchley
33.8%
Roger Davies
33.8%
Ritchie Coote
33.1%
Theodore Nott
30.9%
Daphne Greengrass
22.1%
Demelza Robins
19.1%
Euan Abercrombie
17.6%
Eloise Midgen
11%
Mandy Brocklehurst
7.4%
Andrew Kirk
7.4%

You're not logged in!

Compare scores with friends on all Sporcle quizzes.
OR
Log In

You Might Also Like...

Show Comments

Extras

Created Nov 23, 2010ReportNominate
Tags:Hogwarts

Top Quizzes Today


Score Distribution

Your Account Isn't Verified!

In order to create a playlist on Sporcle, you need to verify the email address you used during registration. Go to your Sporcle Settings to finish the process.

Report this User

Report this user for behavior that violates our Community Guidelines.

Details: